Nationalités en fonction de joueurs - Statistiques

Statistiques générales
  • Ce quiz a été pris 65 fois
  • Le résultat moyen est 10 sur 15
Statistiques - réponses
Joueurs Nationalités % Correct
Thiago Alcántara / Nacho Monreal 🇪🇸 Espagne
97%
John Bosman / Patrick Kluivert 🇳🇱 Pays Bas
97%
Laurent Koscielny / Kurt Zouma 🇫🇷 France
95%
Keisuke Tsuboi / Daichi Kamada 🇯🇵 Japon
92%
Eric Dier / Nathaniel Clyne 🏴󠁧󠁢󠁥󠁮󠁧󠁿 Angleterre
90%
Jorge / Lucas Lima 🇧🇷 Brésil
88%
Xinag Ji / Lei Tong 🇨🇳 Chine
87%
José Fonte / Rony Lopes 🇵🇹 Portugal
85%
Martin Erlic / Vedran Corluka 🇭🇷 Croatie
63%
Sebastian Rudy / Sidney Sam 🇩🇪 Allemagne
47%
Ivan Provedel / Luiz Felipe 🇮🇹 Italie
42%
Adrian Sut / Nicolae Simatoc 🇷🇴 Roumanie
42%
Enea Mihaj / Ivan Balliu 🇦🇱 Albanie
33%
Leon Balogun / Jamilu Collins 🇳🇬 Nigéria
20%
Yousef Marei / Yazan Naim 🇶🇦 Qatar
12%
Aucun quiz correspondant
Distribution des résultats
% des personnes avec chaque résultat
Percentile par nombre de réponses
Votre historique - résultats
Vous n’avez pas pris ce quiz